000
00301nam a22001457a 4500
999
_c
165446
_d
165446
082
_a
_b
100
_a
Hakam Chand
245
_a
History of modern India/
_c
by Hakam Chand.
260
_a
New Delhi:
_b
Anmol,
_c
2005.
300
_a
504p.
600
_a
650
_a
700
_a
942
_c
BK